000 00313nam a22001457a 4500
008 180919b xxu||||| |||| 00| 0 eng d
020 _a9780323101080
041 _aeng
080 _25th
_a616.12
082 _a616.12
100 _a7
101 _aKAR
245 _aECGs Made Easy
_cAehlert,B
942 _2udc
_cBK
999 _c48030
_d48030